000 00628nam a2200229 a 4500
001 13477
003 BD-JhCC
005 20231009115519.0
008 231009b20182019cc a|||| ||a| 000 0 eng d
020 _a 9781786175236
035 _a(BD-JhCC)13477
040 _aBD-JhCC
_dBD-JhCC
041 _aEnglish
082 _a398.20938
_bBES 2019
245 _aBest Book Of Fairy Tales /
_cMiles Kelly.
260 _aChina:
_bMiles Kelly;
_c2019.
300 _a96 p. :
_bill;
_c26 cm.
650 _aFairy tales
_zChildren's stories
_vFolklore
_xChildren's stories, English
700 _a Kelly,Miles
942 _2ddc
_cBK
999 _c13477
_d13477